000
00184 a2200097 4500
020
_a
9788426126573
041
_a
spa
100
_a
Zulema Moret
245
_a
El Mono Serafin
942
_c
K
999
_c
28828
_d
28828